| 000 | 00819nam a2200241 i 4500 | ||
|---|---|---|---|
| 003 | DO-SdBNP | ||
| 005 | 20230510152548.0 | ||
| 007 | ta | ||
| 008 | 230510b2022 dr a|||| |||| 00| 0 spa d | ||
| 020 | _a9789993495116 | ||
| 040 |
_aDO-SdBNP _bspa _cBNPHU _erda |
||
| 082 | 4 | _222 | |
| 100 |
_911238 _aValdez, Manuel, _d1965- |
||
| 245 | 1 | 3 |
_aLa asamblea de una isla / _cAntonio Manuel Valdez ; prólogo Rafael Céspedes Morillo |
| 264 |
_aSanto Domingo : _bEditorial MBC, _c2022. |
||
| 300 |
_a84 páginas : _bilustraciones ; _c22 cm. |
||
| 500 | _aIncluye datos biográficos del autor en la contracubierta | ||
| 500 | _aLa biblioteca posee 1 ejemplar autográfiado por el autor | ||
| 590 | _aInventariado, 2023/BT | ||
| 700 |
_aCéspedes Morillo, Rafael, _eprólogo _983360 |
||
| 910 | _aBtavárez | ||
| 942 |
_2ddc _cLBS1 |
||
| 999 |
_c53480 _d53480 |
||